Normal view
MARC view
- Rhino (Computer file)
Entry Uniform Title
001 - CONTROL NUMBER
- control field: 123267
003 - CONTROL NUMBER IDENTIFIER
- control field: NUST
005 - DATE AND TIME OF LATEST TRANSACTION
- control field: 20240605115644.0
008 - FIXED-LENGTH DATA ELEMENTS
- fixed length control field: 240605|| aca||aabn | a|a d
040 ## - CATALOGING SOURCE
- Original cataloging agency: NUST
- Transcribing agency: NUST
130 ## - HEADING--UNIFORM TITLE
- Uniform title: Rhino (Computer file)
670 ## - SOURCE DATA FOUND
- Source citation: Work cat.: (NUST)0: Toker, Umut, author. 123266, Parametric methods for beginners :
